Normal view
MARC view
- تحرير الاتحاد الامريكي للصحة والتربية البدنية والترويج؛ ترجمة فضالي، محمد محمد
Entry Personal Name
001 - CONTROL NUMBER
- control field: 37360
003 - CONTROL NUMBER IDENTIFIER
- control field: JO-AjAnu
005 - DATE AND TIME OF LATEST TRANSACTION
- control field: 20230606080230.0
008 - FIXED-LENGTH DATA ELEMENTS
- fixed length control field: 230606|| aca||aabn | a|a d
040 ## - CATALOGING SOURCE
- Original cataloging agency: JO-AjAnu
- Transcribing agency: JO-AjAnu
100 ## - HEADING--PERSONAL NAME
- Personal name: تحرير الاتحاد الامريكي للصحة والتربية البدنية والترويج؛ ترجمة فضالي، محمد محمد
670 ## - SOURCE DATA FOUND
- Source citation: Work cat.: (JO-AjAnu)19171: تحرير الاتحاد الامريكي للصحة والتربية البدنية والترويج؛ ترجمة فضالي، محمد محمد, author, التربية البدنية ... معرفتها وتفهم أبعادها